Особливості використання метафори в англомовному політичному тексті (на матеріалах дебатів Барака Обами та Джона Маккейна) (Запис № 284950)

МАРК-запис
000 -LEADER
fixed length control field 01658nam a22001577a 4500
041 ## - LANGUAGE CODE
Language code of text/sound track or separate title ukr
080 ## - UNIVERSAL DECIMAL CLASSIFICATION NUMBER
Universal Decimal Classification number 09
090 ## - LOCALLY ASSIGNED LC-TYPE CALL NUMBER (OCLC); LOCAL CALL NUMBER (OCLC)
Local cutter number (OCLC) ; Book number/undivided call number, CALL (RLIN) НОВ
100 ## - MAIN ENTRY--PERSONAL NAME
Personal name Новак В.В.
245 ## - TITLE STATEMENT
Title Особливості використання метафори в англомовному політичному тексті (на матеріалах дебатів Барака Обами та Джона Маккейна)
260 ## - PUBLICATION, DISTRIBUTION, ETC. (IMPRINT)
Place of publication, distribution, etc Острог
Name of publisher, distributor, etc КАФ
Date of publication, distribution, etc 2012
300 ## - PHYSICAL DESCRIPTION
Extent 90
520 ## - SUMMARY, ETC.
Summary, etc Розділ 1. Використання метафор у політичному тексті.<br/>1.1 Політичний текст як засіб мовного впливу.<br/>1.2 Політична метафора та принципи її утворення.<br/>1.3 Роль метафори у політичному тексті.<br/>Розділ 2. Особливості метафор, використаних кандидатами у президенти Бараком Обамою та Джоном Маккейном під час передвиборчих дебатів 2008 року.<br/>2.1 Вживання метафор у перших передвиборчих дебатах Барака Обами і Джона Маккейна.<br/>2.2 Вживання метафор у других передвиборчих дебатах Барака Обами і Джона Маккейна.<br/>2.3 Аналіз метафор використаних під час третіх передвиборчих дебатів Брака Обами і Джона Маккейна.
-- метафора, полтіичний,дебати
650 ## - SUBJECT ADDED ENTRY--TOPICAL TERM
Topical term or geographic name as entry element Research Papers
942 ## - ADDED ENTRY ELEMENTS (KOHA)
Koha item type Книги
Фонди
Withdrawn status Lost status Source of classification or shelving scheme Damaged status Not for loan Home library Current library Date acquired Source of acquisition Cost, normal purchase price Total Checkouts Full call number Barcode Date last seen Price effective from Koha item type
    Universal Decimal Classification     ВІЛ - Відділ іноземн. літератури НБ ВІЛ - Відділ іноземн. літератури НБ 18/09/2012 Акт №5 1.00   09 215030 10/11/2021 18/09/2012 Книги